| 000 | 00759nam a22002052 4500 | ||
|---|---|---|---|
| 001 | 0000025294 | ||
| 005 | 20151021153130.0 | ||
| 008 | 150610s xx 000 0 eng d | ||
| 040 |
_aKABU _cKABU |
||
| 100 | 1 |
_aKoech, Dennis K. _@0000185840 |
|
| 245 | 1 | 0 |
_aFactors influencing performance of savings and credit co-operative societies in Kenya : _ba case study of SACCOs in Bomet County / _cby Dennis Kipkurui Koech. |
| 260 |
_aNakuru : _bKabarak University, _c2014. |
||
| 300 | _aix, 47 p. | ||
| 650 | 0 |
_aFinancial institutions. _@0000152429 |
|
| 650 | 0 |
_aBanks and Banking. _@0000152428 |
|
| 650 | 0 |
_aSustainable development. _@0000150129 |
|
| 908 | _a150610 | ||
| 950 | _@1 | ||
| 999 |
_c1733 _d1733 |
||